000 01007nam a2200229 i 4500
003 DO-SdBNP
005 20230724121033.0
007 ta
008 230724b1977 dr ||||| |||| 00| 0 spa d
040 _aDO-SdBNP
_bspa
_cBNPHU
_erda
082 4 _bI39te
_222
245 0 0 _aÍndice temático :
_bleyes y resoluciones de trascendencia, dictadas en el período 1960-1975.
264 _aSanto Domingo :
_bOficina Nacional de Presupuesto :
_bSecretariado Técnico de la Presidencia,
_c1977.
300 _a2 volumenes ;
_c28 cm.
336 _2rdacontent
_atexto
_btxt
337 _2rdamedia
_asin mediación
_bn
338 _2rdacarrier
_avolumen
_bnc
500 _aEl presente volumen contiene un índice temático de las principales leyes y rsoluciones dictadas durante el período 1960-1975. Tal como se señaló en los dos volumenes anteriores, el presente deja sin efecto los dos primeros, ya que se trata de un índice acumulativo.
590 _aInventariado, 2023/BT
910 _aBtavárez
942 _2ddc
_cLBS1
999 _c54246
_d54246